| 000 | 00551cam a22002052 4500 | ||
|---|---|---|---|
| 001 | 0000006330 | ||
| 005 | 20151217154359.0 | ||
| 008 | 071018s xx 000 0 eng d | ||
| 020 |
_a0631226931 : _cKES 3395 |
||
| 040 |
_aKABU _cKABU |
||
| 100 | 1 |
_aSaeed, John I. _@0000157776 |
|
| 245 | 1 | 0 |
_aSemantics / _cJohn I. Saeed. |
| 250 | _a2nd ed. | ||
| 260 |
_aOxford : _bBlackwell, _c2003. |
||
| 300 | _axx, 413 p. | ||
| 650 | 0 |
_aSemantcs. _@0000157777 |
|
| 908 | _a071018 | ||
| 950 | _@1 | ||
| 999 |
_c10896 _d10896 |
||